G8 - stimulovať ekonomiku a znížiť emisie skleníkových plynov

Stretnutie G8 lídrov najsilnejších ekonomík sveta. Vyhlásenie o znížení emisií skleníkových plynov. Problematika svetového finančného systému. Stimulujúce makroekonomické opatrenia.

Guardado en:
Detalles Bibliográficos
Autor principal: Bukoven, Ján, 1960-
Formato: Capítulo de libro
Lenguaje:eslovaco
Materias:
Etiquetas: Agregar Etiqueta
Sin Etiquetas, Sea el primero en etiquetar este registro!

MARC

LEADER 00000naa$a2200000$$$4500
001 0100111
005 20231103071819.0
041 0 |a slo 
044 |a SK 
245 1 0 |a G8 - stimulovať ekonomiku a znížiť emisie skleníkových plynov  |c Ján Bukoven 
520 |a Stretnutie G8 lídrov najsilnejších ekonomík sveta. Vyhlásenie o znížení emisií skleníkových plynov. Problematika svetového finančného systému. Stimulujúce makroekonomické opatrenia. 
610 2 0 |a financie medzinárodné 
610 2 0 |a makroekonomika 
610 2 0 |a globalizácia 
610 2 0 |a obchod svetový 
610 2 0 |a emisie 
100 1 |a Bukoven, Ján, 1960-